000 00576nam a2200193Ia 4500
999 _c34115
_d34115
003 OSt
005 20210705111800.0
008 190216s9999||||xx |||||||||||||| ||und||
020 _a9788122420906
040 _coclc
082 _a621.3815
_bCHO/L
100 _aRoy Choudhury, D
_94648
245 0 _aLinear Integrated Circuits /
_cD Roy Choudhury ; Shail B Jain
250 _a3rd Ed.
260 _bNew Age International Publishers,
_aNew Delhi:
_c2008.
300 _a384p
650 _aPhysics
942 _cBK
_2ddc
_h621.3815
_iCHO/L
_k621.3815
_mCHO/L